000 00527nam a2200205Ia 4500
003 GCL
008 140319s9999 xx 000 0 eng d
040 _aGCL /
_cGCL
082 0 4 _a181.11
_bJ B
100 1 _aSHINING, GAO
245 1 0 _aTHE BOOK OF LAOZI /
_cSHINING, GAO
700 1 _aJIGH, REN
700 1 _aGUANGHU, HE
260 _a[S.N] :
_bFOREIGN LANGUAGES PUBLISHING HOUSE ،
_c1992
300 _a103 P
650 0 4 _aPHILOSOPHY
650 0 4 _aMODERN PHILOSOPHY
650 0 4 _aCHINA - PHILOSOHPY
942 _2ddc
_cBK
999 _c15219
_d15219